000 00705nam a2200205Ia 4500
003 GCL
008 140319s9999 xx 000 0 ara d
040 _aGCL /
_cGCL
082 0 4 _a327.117
_bر ا
100 1 _aرضا هلال
245 1 0 _aالامركة والاسلمة :
_bمازق عرب اليوم /
_cرضا هلال
250 _aالاولى
260 _aالقاهرة :
_bدار مصر المحروسة ،
_c2004
300 _a230 ص ؛
_c20 سم
650 0 4 _aالسياسة الدولية
650 0 4 _aالدكتاتورية
650 0 4 _aالقوى العظمى
650 0 4 _aالولايات المتحدة الامريكية - العلاقات الخارجية
942 _2ddc
_cBK
999 _c8671
_d8671